000 01515nam0a2200349 i 4500
001 RU\NLR\BIBL_A\010434598
005 20241114202652.0
010 _a9785282033731
_91000
021 _aRU
_b2014-39839
_92425
035 _a(NILC)RuMoRGB-007502095
035 _a(NLR Aleph) 010434598
090 _a9864965
_c9864965
100 _a20140725d2014 u y0rusy50 ca
101 0 _arus
102 _aRU
105 _ay|||z|||000yy
200 1 _aЦелевые программы как инструмент реформирования телекоммуникационных компаний
_fБ. И. Теребиленко, А. М. Калиманов
210 _aМосква
_cЭкономика
_d2014
215 _a139 с.
_cил.
_d20
225 1 _aРеформирование телерадиовещания РФ
320 _aБиблиогр.: с. 103-104 (22 назв.)
606 1 _aЭлектросвязь
_xПравовое регулирование
_yРоссийская Федерация
_92121580
_3RU\NLR\AUTH\661584739
606 _aЭлектросвязь
_xЭкономика
_yРоссийская Федерация
_92335081
_3RU\NLR\AUTH\661396128
686 1 _aУ38(2)6
686 1 _aХ621.146.9
700 1 _aТеребиленко
_bБ. Н.
_gБорис Николаевич
701 1 _aКалиманов
_bА. М.
_gАлександр Михайлович
801 0 _aRU
_bРГБ
_c20140604
_gRCR
942 _cBOOK
980 _aNBR